All Cities in Denmark with 1000+ Population - Statistics

General Stats
  • This quiz has been taken 40 times
  • The average score is 71 of 511
Answer Stats
# Region City Population % Correct
1 Capital Copenhagen 1345562
100%
2 Central Jutland Aarhus 285273
85%
3 South Denmark Odense 180863
80%
4 North Jutland Aalborg 119862
70%
100 South Denmark Billund 6725
60%
5 South Denmark Esbjerg 71698
60%
10 Zealand Roskilde 51916
60%
318 Central Jutland Frederiks 1843
55%
20 Capital Hillerød 35357
55%
7 South Denmark Kolding 61638
55%
15 Zealand Næstved 44331
55%
6 Central Jutland Randers 62802
55%
12 Central Jutland Silkeborg 49747
55%
9 South Denmark Vejle 60231
55%
493 South Denmark Vejle 1054
55%
16 Central Jutland Viborg 41239
55%
17 South Denmark Fredericia 40886
50%
31 South Denmark Haderslev 22011
50%
14 Capital Helsingør 47257
50%
26 North Jutland Hjørring 25644
50%
60 North Jutland Hobro 12071
50%
8 Central Jutland Horsens 61074
50%
45 Central Jutland Ikast 15979
50%
43 South Denmark Middelfart 16277
50%
39 Zealand Nykøbing (Falster) 16911
50%
71 North Jutland Nykøbing (Mors) 9033
50%
122 Zealand Nykøbing (Sjælland) 5002
50%
24 South Denmark Sønderborg 27766
50%
42 South Denmark Aabenraa 16401
45%
29 North Jutland Frederikshavn 22672
45%
40 Capital Frederikssund 16850
45%
11 Central Jutland Herning 50565
45%
19 Central Jutland Holstebro 36489
45%
13 Capital Hørsholm 47680
45%
44 Zealand Kalundborg 16211
45%
18 Zealand Køge 38304
45%
37 South Denmark Nyborg 17525
45%
80 South Denmark Ribe 8257
45%
66 Central Jutland Ringkøbing 9894
45%
28 Zealand Ringsted 23086
45%
49 Capital Rønne 13807
45%
35 Central Jutland Skive 20190
45%
83 Zealand Sorø 7999
45%
64 Central Jutland Struer 10129
45%
25 South Denmark Svendborg 27300
45%
51 North Jutland Thisted 13461
45%
88 South Denmark Tønder 7505
45%
90 Central Jutland Brande 7449
40%
92 Central Jutland Ebeltoft 7204
40%
53 Capital Frederiksværk 12718
40%
47 Central Jutland Grenaa 14176
40%
354 Capital Hasle 1634
40%
113 North Jutland Hirtshals 5532
40%
23 Zealand Holbæk 29608
40%
77 Capital Hundested 8543
40%
63 Zealand Jyllinge 10134
40%
27 North Jutland Nørresundby 23736
40%
93 Central Jutland Ry 7151
40%
87 North Jutland Skagen 7571
40%
36 Central Jutland Skanderborg 19963
40%
85 Central Jutland Skjern 7862
40%
21 Capital Taastrup 35238
40%
54 North Jutland Brønderslev 12549
35%
95 South Denmark Faaborg 6944
35%
73 Capital Fredensborg 8965
35%
50 Capital Hedehusene 13663
35%
58 Central Jutland Hedensted 12220
35%
169 South Denmark Jelling 3658
35%
415 Central Jutland Lem 1296
35%
98 Central Jutland Lemvig 6816
35%
159 North Jutland Løgstør 3967
35%
56 Central Jutland Odder 12454
35%
139 South Denmark Padborg 4311
35%
102 Zealand Skælskør 6472
35%
22 Zealand Slagelse 34636
35%
97 Capital Slangerup 6826
35%
69 North Jutland Støvring 9089
35%
86 North Jutland Svenstrup 7650
35%
308 Zealand Svenstrup 1917
35%
48 South Denmark Varde 14039
35%
65 South Denmark Vejen 10009
35%
127 Zealand Viby 4773
35%
61 Zealand Vordingborg 11943
35%
78 North Jutland Aars 8474
30%
106 South Denmark Assens 6050
30%
387 North Jutland Assens 1431
30%
32 Capital Birkerød 20877
30%
91 Central Jutland Bjerringbro 7437
30%
57 Capital Dragør 12401
30%
34 Capital Farum 20312
30%
68 South Denmark Grindsted 9750
30%
59 Zealand Haslev 12119
30%
76 Capital Helsinge 8616
30%
107 South Denmark Kerteminde 6042
30%
46 Zealand Korsør 14463
30%
62 Central Jutland Lystrup 10273
30%
247 North Jutland Mariager 2506
30%
166 Capital Nexø 3668
30%
111 South Denmark Nordborg 5709
30%
301 Zealand Rødby 1983
30%
74 North Jutland Sæby 8838
30%
38 Zealand Solrød Strand 17337
30%
156 Central Jutland Tarm 4010
30%
89 South Denmark Vojens 7475
30%
152 South Denmark Bogense 4059
25%
94 South Denmark Bramming 7111
25%
209 South Denmark Christiansfeld 2977
25%
72 Central Jutland Galten 9004
25%
99 Capital Gilleleje 6781
25%
81 Central Jutland Hadsten 8254
25%
123 North Jutland Hadsund 4973
25%
96 Central Jutland Hammel 6854
25%
82 Central Jutland Hinnerup 8164
25%
79 Central Jutland Hørning 8395
25%
281 Central Jutland Karup 2189
25%
41 Capital Lillerød 16741
25%
110 Zealand Maribo 5722
25%
55 Zealand Nakskov 12495
25%
115 North Jutland Nibe 5433
25%
84 Capital Nivå 7997
25%
33 Capital Smørumnedre 20657
25%
125 South Denmark Strib 4872
25%
312 Central Jutland Thyborøn 1890
25%
299 Central Jutland Ulfborg 1989
25%
144 Central Jutland Videbæk 4242
25%
339 Zealand Vig 1700
25%
104 North Jutland Aabybro 6318
20%
309 Central Jutland Ans 1912
20%
70 Central Jutland Beder-Malling 9045
20%
128 Zealand Borup 4728
20%
173 North Jutland Dronninglund 3487
20%
177 North Jutland Farsø 3349
20%
505 Central Jutland Fårup 1024
20%
143 Zealand Faxe 4246
20%
218 Zealand Faxe Ladeplads 2884
20%
141 South Denmark Gråsten 4274
20%
243 North Jutland Hals 2521
20%
289 North Jutland Hanstholm 2104
20%
353 Central Jutland Hov 1641
20%
120 Central Jutland Kjellerup 5064
20%
225 Central Jutland Langå 2811
20%
75 Central Jutland Løgten 8659
20%
358 North Jutland Løkken 1608
20%
121 Central Jutland Mårslet 5004
20%
287 South Denmark Marstal 2120
20%
161 Zealand Præstø 3857
20%
101 South Denmark Ringe 6474
20%
108 South Denmark Rødekro 5950
20%
188 Central Jutland Rønde 3191
20%
249 Central Jutland Ryomgård 2498
20%
192 South Denmark Skærbæk 3135
20%
271 South Denmark Skærbæk 2290
20%
145 Central Jutland Solbjerg 4240
20%
314 North Jutland Tårs 1873
20%
52 Capital Værløse 13069
20%
126 South Denmark Vamdrup 4809
20%
154 Central Jutland Vildbjerg 4029
20%
199 Central Jutland Vinderup 3077
20%
324 Central Jutland Allingåbro 1801
15%
190 South Denmark Augustenborg 3171
15%
184 Central Jutland Aulum 3249
15%
260 Central Jutland Bording 2389
15%
151 Zealand Dianalund 4127
15%
197 Zealand Ejby 3098
15%
284 South Denmark Ejby 2140
15%
303 Zealand Ejby 1978
15%
180 North Jutland Fjerritslev 3326
15%
133 South Denmark Give 4550
15%
243 South Denmark Gram 2521
15%
390 Central Jutland Harboøre 1414
15%
105 Central Jutland Hornslet 6171
15%
67 Capital Humlebæk 9758
15%
219 Central Jutland Hvide Sande 2874
15%
153 Central Jutland Juelsminde 4053
15%
264 North Jutland Kås 2355
15%
234 Central Jutland Kibæk 2667
15%
310 Central Jutland Kolind 1907
15%
365 South Denmark Kruså 1560
15%
148 South Denmark Langeskov 4222
15%
484 Central Jutland Lisbjerg 1063
15%
340 Central Jutland Mørke 1698
15%
229 South Denmark Nordby 2736
15%
30 Capital Ølstykke-Stenløse 22658
15%
117 South Denmark Otterup 5269
15%
134 South Denmark Rudkøbing 4521
15%
131 Zealand Sakskøbing 4595
15%
132 Central Jutland Sejs-Svejbæk 4581
15%
195 Capital Skibby 3120
15%
164 Zealand Tølløse 3759
15%
509 Central Jutland Vorgod-Barde 1011
15%
288 Capital Aakirkeby 2119
10%
383 North Jutland Ålbæk 1437
10%
196 Zealand Asnæs 3100
10%
481 South Denmark Bække 1067
10%
103 South Denmark Børkop 6319
10%
391 South Denmark Bredebro 1412
10%
335 South Denmark Bredsten 1711
10%
267 South Denmark Dybbøl 2339
10%
347 Central Jutland Elev 1665
10%
438 Central Jutland Folby 1201
10%
274 Zealand Fuglebjerg 2268
10%
396 Central Jutland Glyngøre 1395
10%
172 Capital Græsted 3561
10%
147 North Jutland Hjallerup 4235
10%
171 Central Jutland Hjortshøj 3590
10%
469 South Denmark Højer 1102
10%
206 South Denmark Holsted 3046
10%
137 Zealand Høng 4355
10%
232 North Jutland Hurup 2705
10%
480 Central Jutland Hvidbjerg 1069
10%
155 Capital Jægerspris 4020
10%
296 South Denmark Jels 2005
10%
138 Zealand Jyderup 4325
10%
299 Central Jutland Låsby 1989
10%
194 Zealand Lejre 3127
10%
174 South Denmark Løgumkloster 3480
10%
215 Central Jutland Lund 2901
10%
150 Capital Lynge 4163
10%
193 South Denmark Nørre Aaby 3133
10%
165 South Denmark Ølgod 3705
10%
231 South Denmark Rødding 2712
10%
507 Central Jutland Rødding 1016
10%
341 Central Jutland Rødkærsbro 1697
10%
228 Zealand Rønnede 2746
10%
497 Zealand Rørvig 1042
10%
179 Central Jutland Sabro 3330
10%
198 North Jutland Sindal 3095
10%
330 Central Jutland Skals 1759
10%
200 Central Jutland Søften 3072
10%
399 Central Jutland Spjald 1351
10%
167 Zealand Store Heddinge 3668
10%
279 North Jutland Strandby 2226
10%
146 Central Jutland Sunds 4239
10%
221 Zealand Svinninge 2862
10%
142 Zealand Svogerslev 4267
10%
411 Central Jutland Thorsager 1309
10%
188 Central Jutland Trige 3191
10%
408 Central Jutland Tvis 1317
10%
377 Central Jutland Ugelbølle 1489
10%
304 Central Jutland Ulstrup 1973
10%
325 Capital Veksø 1792
10%
204 Zealand Vindinge 3059
10%
226 North Jutland Aalestrup 2780
5%
183 South Denmark Aarup 3259
5%
421 South Denmark Agerbæk 1285
5%
382 Capital Allinge-Sandvig 1459
5%
369 Capital Annisse Nord 1540
5%
248 North Jutland Arden 2505
5%
149 South Denmark Årslev 4193
5%
202 Central Jutland Auning 3061
5%
157 Central Jutland Brædstrup 3992
5%
344 Central Jutland Bremdal 1693
5%
186 South Denmark Broager 3238
5%
408 South Denmark Bylderup-Bov 1317
5%
476 North Jutland Dall Villaby 1083
5%
380 South Denmark Egernsund 1478
5%
254 South Denmark Egtved 2446
5%
342 Central Jutland Ejstrupholm 1696
5%
292 Central Jutland Engesvang 2060
5%
442 Capital Esbønderup 1190
5%
315 Zealand Fårevejle Stationsby 1858
5%
119 Zealand Fensmark 5110
5%
160 Zealand Frederiksberg 3877
5%
294 Zealand Gadstrup 2014
5%
216 Capital Ganløse 2892
5%
335 South Denmark Gelsted 1711
5%
449 Zealand Gelsted 1170
5%
431 South Denmark Gislev 1241
5%
360 Zealand Gislinge 1586
5%
168 North Jutland Gistrup 3664
5%
422 South Denmark Grejs 1282
5%
263 South Denmark Guderup 2372
5%
301 Central Jutland Gullestrup 1983
5%
158 Central Jutland Harlev 3990
5%
220 Zealand Hårlev 2865
5%
136 Zealand Havdrup 4365
5%
109 Capital Hellebæk 5790
5%
428 Zealand Holme-Olstrup 1259
5%
355 Central Jutland Hornsyld 1634
5%
320 Zealand Karrebæksminde 1830
5%
272 Zealand Kirke Hyllinge 2289
5%
124 North Jutland Klarup 4969
5%
433 South Denmark Kliplev 1233
5%
467 North Jutland Klitmøller 1114
5%
364 Zealand Lille Skensved 1565
5%
246 Capital Liseleje 2507
5%
305 Central Jutland Løgstrup 1939
5%
207 South Denmark Lunderskov 3016
5%
510 Zealand Mern 1005
5%
295 Zealand Mogenstrup 2011
5%
415 Central Jutland Møldrup 1296
5%
112 South Denmark Munkebo 5571
5%
454 North Jutland Nørager 1153
5%
307 Central Jutland Nørre Snede 1932
5%
418 Zealand Nysted 1292
5%
375 South Denmark Ollerup 1504
5%
311 Capital Ølsted 1894
5%
395 Central Jutland Ørsted 1397
5%
389 Central Jutland Ørum 1420
5%
256 Central Jutland Østbirk 2413
5%
280 Zealand Osted 2204
5%
501 Central Jutland Øster Bjerregrav 1034
5%
484 North Jutland Øster Hornum 1063
5%
369 Capital Ramløse 1540
5%
435 South Denmark Rinkenæs 1213
5%
368 Zealand Rødbyhavn 1544
5%
430 Central Jutland Roslev 1247
5%
343 Zealand Ruds Vedby 1696
5%
403 Capital Saunte 1348
5%
426 South Denmark Skodborg 1273
5%
210 North Jutland Skørping 2971
5%
452 North Jutland Snedsted 1159
5%
333 South Denmark Sønder Omme 1723
5%
181 South Denmark Søndersø 3319
5%
250 South Denmark Starup 2488
5%
163 Zealand Stege 3792
5%
327 South Denmark Stenstrup 1779
5%
241 Central Jutland Stoholm 2533
5%
399 North Jutland Suldrup 1351
5%
201 Zealand Sundby 3065
5%
478 Capital Svaneke 1079
5%
273 Zealand Svebølle 2280
5%
348 Zealand Tappernøje 1663
5%
176 South Denmark Taulov 3402
5%
230 South Denmark Tinglev 2731
5%
185 South Denmark Toftlund 3240
5%
367 South Denmark Tommerup 1545
5%
213 Central Jutland Tørring 2945
5%
446 Capital Tulstrup 1183
5%
235 South Denmark Ullerslev 2640
5%
457 North Jutland Valsgård 1138
5%
477 Capital Vejby 1082
5%
425 Central Jutland Vemb 1276
5%
356 Zealand Vemmedrup 1621
5%
217 North Jutland Vestbjerg 2888
5%
187 South Denmark Vissenbjerg 3232
5%
129 North Jutland Vodskov 4663
5%
411 South Denmark Ågård 1309
0%
437 South Denmark Agerskov 1206
0%
345 Zealand Ågerup 1675
0%
349 South Denmark Almind 1660
0%
419 South Denmark Alslev 1289
0%
397 South Denmark Andrup 1385
0%
424 South Denmark Ansager 1277
0%
472 North Jutland Asaa 1094
0%
313 South Denmark Askov 1881
0%
162 Central Jutland Assentoft 3811
0%
444 Central Jutland Balling 1185
0%
114 South Denmark Bellinge 5483
0%
357 North Jutland Biersted 1615
0%
503 North Jutland Bindslev 1031
0%
208 Zealand Bjæverskov 2988
0%
448 Capital Blistrup 1175
0%
212 Capital Blovstrød 2968
0%
459 South Denmark Bolderslev 1134
0%
203 South Denmark Brejning 3060
0%
392 South Denmark Brenderup 1411
0%
496 South Denmark Brobyværk 1044
0%
135 South Denmark Brørup 4516
0%
236 North Jutland Brovst 2624
0%
417 South Denmark Brylle 1293
0%
371 Central Jutland Bryrup 1527
0%
276 Zealand Dalby 2253
0%
468 Central Jutland Daugård 1111
0%
440 South Denmark Ebberup 1194
0%
211 Central Jutland Egebjerg 2969
0%
413 South Denmark Ejlstrup 1304
0%
450 North Jutland Elling 1168
0%
482 Zealand Eskilstrup 1066
0%
402 Central Jutland Fårvang 1349
0%
487 South Denmark Felsted 1061
0%
504 South Denmark Ferritslev 1029
0%
239 Zealand Forlev 2571
0%
290 South Denmark Fraugde 2093
0%
205 North Jutland Frejlev 3056
0%
463 Capital Gadevang 1124
0%
363 Central Jutland Gammel Rye 1570
0%
362 North Jutland Gandrup 1573
0%
466 South Denmark Gårslev 1117
0%
269 Central Jutland Gedved 2336
0%
499 Capital Gerlev 1035
0%
352 Zealand Gevninge 1649
0%
394 Central Jutland Gjern 1398
0%
178 South Denmark Glamsbjerg 3344
0%
286 Zealand Glumsø 2121
0%
332 South Denmark Gørding 1741
0%
258 Zealand Gørlev 2397
0%
436 Capital Gørløse 1211
0%
278 Capital Græse Bakkeby 2228
0%
492 South Denmark Gredstedbro 1058
0%
227 Zealand Gundsømagle 2770
0%
253 South Denmark Haarby 2464
0%
434 Central Jutland Harridslev 1221
0%
321 Central Jutland Hatting 1823
0%
508 South Denmark Hejnsvig 1013
0%
379 Zealand Herlufmagle 1482
0%
471 Central Jutland Hjerm 1098
0%
359 South Denmark Hjordkær 1607
0%
388 Zealand Højby 1422
0%
223 Central Jutland Højslev Stationsby 2833
0%
393 Zealand Holeby 1400
0%
118 Capital Hornbæk-Dronningmølle 5236
0%
233 South Denmark Høruphav 2701
0%
257 Zealand Hørve 2412
0%
276 Central Jutland Hovedgård 2253
0%
454 Zealand Idestrup 1153
0%
451 Capital Ishøj Landsby 1166
0%
470 Central Jutland Jebjerg 1101
0%
259 Zealand Karise 2392
0%
140 Zealand Kirke Hvalsø 4294
0%
350 Zealand Kirke Såby 1651
0%
510 Capital Kirke Værløse 1005
0%
494 Zealand Knabstrup 1052
0%
407 North Jutland Kongerslev 1327
0%
334 South Denmark Kværndrup 1719
0%
460 Capital Kvistgård 1133
0%
499 North Jutland Langholt 1035
0%
399 Central Jutland Lindved 1351
0%
270 South Denmark Løjt Kirkeby 2322
0%
322 Zealand Mørkøv 1820
0%
319 South Denmark Morud 1832
0%
489 North Jutland Mou 1060
0%
374 South Denmark Næsbyhoved-Broby 1515
0%
290 Capital Nødebo 2093
0%
328 Zealand Nordbyen 1770
0%
373 North Jutland Nørhalne 1519
0%
261 Zealand Nørre Alslev 2379
0%
381 South Denmark Nørre Broby 1460
0%
282 South Denmark Nørre Lyndelse 2161
0%
410 South Denmark Nørre Nebel 1316
0%
491 North Jutland Nors 1059
0%
458 South Denmark Nybøl 1136
0%
423 Capital Ny Hammersholt 1281
0%
250 Zealand Nyråd 2488
0%
378 South Denmark Ødsted 1489
0%
224 South Denmark Oksbøl 2815
0%
338 South Denmark Ørbæk 1702
0%
317 Zealand Ørslev 1852
0%
443 Central Jutland Øster Snede 1187
0%
420 North Jutland Østervrå 1287
0%
498 South Denmark Outrup 1040
0%
366 South Denmark Over Holluf 1548
0%
464 South Denmark Over Jerstal 1122
0%
221 North Jutland Pandrup 2862
0%
283 South Denmark Rantzausminde 2146
0%
461 Central Jutland Rask Mølle 1128
0%
285 Zealand Regstrup 2128
0%
315 Zealand Rødvig 1858
0%
329 South Denmark Ryslinge 1768
0%
191 South Denmark Sankt Klemens 3164
0%
376 Capital Sengeløse 1491
0%
237 Capital Skævinge 2613
0%
323 South Denmark Skårup 1814
0%
255 South Denmark Skibet 2427
0%
427 Capital Skodsborg 1269
0%
439 Capital Smidstrup 1195
0%
404 Zealand Søllested 1345
0%
483 South Denmark Sommersted 1065
0%
293 South Denmark Sønder Bjert 2025
0%
384 Central Jutland Sønder Felding 1435
0%
474 Zealand Sørbymagle 1091
0%
453 Central Jutland Sorring 1155
0%
465 Central Jutland Sørvad 1120
0%
326 Capital Søvang 1790
0%
486 Central Jutland Søvind 1062
0%
265 Central Jutland Spentrup 2351
0%
494 Central Jutland Spørring 1052
0%
297 Zealand Stenlille 1999
0%
361 Zealand Stensved 1585
0%
240 Central Jutland Stevnstrup 2545
0%
489 Central Jutland Stjær 1060
0%
445 Zealand Store Merløse 1184
0%
175 North Jutland Storvorde 3425
0%
130 Zealand Strøby Egede 4654
0%
441 South Denmark Stubbæk 1192
0%
274 Zealand Stubbekøbing 2268
0%
372 North Jutland Sulsted 1524
0%
337 South Denmark Tarp 1705
0%
351 North Jutland Temdrup 1650
0%
262 Central Jutland Them 2376
0%
331 Central Jutland Thorsø 1751
0%
182 South Denmark Thurø By 3280
0%
405 South Denmark Thyregod 1338
0%
385 South Denmark Tistrup 1433
0%
214 South Denmark Tjæreborg 2904
0%
252 South Denmark Tommerup Stationsby 2482
0%
432 South Denmark Troense 1240
0%
116 Zealand Tune 5300
0%
447 Zealand Tuse 1176
0%
429 North Jutland Tylstrup 1258
0%
306 Zealand Ubby 1936
0%
505 Capital Udsholt Strand 1024
0%
398 Central Jutland Uldum 1377
0%
501 North Jutland Ulsted 1034
0%
456 Zealand Undløse 1147
0%
479 Capital Uvelse 1077
0%
242 North Jutland Vadum 2532
0%
406 Zealand Væggerløse 1333
0%
462 Zealand Veddelev 1127
0%
238 North Jutland Vester Hassing 2589
0%
298 South Denmark Vester Nebel 1992
0%
475 South Denmark Vester Skerninge 1090
0%
386 South Denmark Vester Sottrup 1432
0%
267 South Denmark Vindeby 2339
0%
487 Capital Vinderød 1061
0%
266 Zealand Vipperød 2343
0%
170 Central Jutland Virklund 3609
0%
473 Central Jutland Virring 1093
0%
346 Central Jutland Voel 1672
0%
414 South Denmark Vorbasse 1300
0%
245 North Jutland Vrå 2509
0%
No matching quizzes found
Score Distribution
Percent of People with Each Score
Percentile by Number Answered
Your Score History
You have not taken this quiz